| 000 | 00375nam a2200133Ia 4500 | ||
|---|---|---|---|
| 008 | 231129s1978||||xx |||||||||||||| ||spa|| | ||
| 020 | _a968-23-0254-4 | ||
| 082 | _aHAJ- 0183 | ||
| 100 | _aFurtado Celso | ||
| 245 | 0 | _aEl desarrollo económico: un mito | |
| 260 | _c1978 | ||
| 264 | _aMéxico: Siglo Veintiuno 1978 | ||
| 942 |
_2ddc _cBKS |
||
| 999 |
_c10821 _d10821 |
||